[Event "Ile et Vilaine op"]
[Site "Rennes"]
[Date "2011.06.12"]
[Round "3"]
[White "Demellier, Antonin"]
[Black "Castel, Efflam"]
[Result "0-1"]
[WhiteElo "1686"]
[BlackElo "1922"]
[PlyCount "86"]
[EventDate "2011.06.11"]
[EventType "swiss"]
[EventRounds "7"]
[EventCountry "FRA"]
[SourceTitle "EXT 2012"]
[Source "ChessBase"]
[SourceDate "2011.11.24"]
[SourceVersion "1"]
[SourceVersionDate "2011.11.24"]
[SourceQuality "1"]

1. e4 d5 2. exd5 Nf6 3. d4 Nxd5 4. Nc3 Nxc3 5. bxc3 c5 6. Bc4 Nc6 7. Nf3 cxd4 8. cxd4 e6 9. 0-0 Be7 10. Bf4 0-0 11. c3 a6 12. Bb3 Na5 13. Bc2 Bd7 14. Qd3 g6 15. Ne5 Rc8 16. Bh6 Bb5 17. Qg3 Bh4 18. Qg4 f5 19. Qf4 g5 20. Qf3 Rf6 21. Qh5 Be8 22. Qd1 Rxh6 23. g3 Rxc3 24. Qd2 Rc8 25. gxh4 Rxh4 26. Nf3 Rg4+ 27. Kh1 Qd5 28. Bd1 Nc4 29. Qe2 Bc6 30. Rg1 h6 31. h3 Rf4 32. Rg3 Nd6 33. Kg1 Ne4 34. Qe3 Nxg3 35. fxg3 Re4 36. Qd3 Bb5 37. Qd2 Kg7 38. Nxg5 Re1+ 39. Qxe1 hxg5 40. Qe3 Kf6 41. Bf3 Qd6 42. Bxb7 Rc2 43. Bf3 Qxg3+ 0-1

[Event "Ile et Vilaine op"]
[Site "Rennes"]
[Date "2011.06.11"]
[Round "2"]
[White "Busnel, Laurent"]
[Black "Demellier, Antonin"]
[Result "1-0"]
[WhiteElo "1913"]
[BlackElo "1686"]
[PlyCount "69"]
[EventDate "2011.06.11"]
[EventType "swiss"]
[EventRounds "7"]
[EventCountry "FRA"]
[SourceTitle "EXT 2012"]
[Source "ChessBase"]
[SourceDate "2011.11.24"]
[SourceVersion "1"]
[SourceVersionDate "2011.11.24"]
[SourceQuality "1"]

1. e4 e6 2. d4 d5 3. exd5 exd5 4. c4 Nf6 5. Nc3 Bb4 6. Bd3 dxc4 7. Bxc4 0-0 8. Nge2 c5 9. 0-0 Bxc3 10. bxc3 cxd4 11. cxd4 Nc6 12. Rb1 b6 13. Ba3 Re8 14. Bb5 Bb7 15. Rc1 Qd5 16. Nc3 Qg5 17. f4 Qf5 18. Qa4 Rac8 19. Rcd1 Red8 20. Bd3 Qg4 21. Be2 Qe6 22. Bb2 Ne4 23. Nxe4 Qxe4 24. Bf3 Qxf4 25. Kh1 Qe3 26. Rfe1 Qf2 27. Re2 Qh4 28. Re4 Qh6 29. d5 Na5 30. Rg4 g6 31. Qd4 f5 32. Rg3 Nc4 33. Rh3 Qf8 34. Qh8+ Kf7 35. Rxh7+ 1-0